The Paleoindian skeletal material from Horn Shelter, Number 2, in central Texas : an analysis and perspective /

Bibliographic Details
Main Author: Young, Diane Elizabeth, 1951-
Format: Thesis eBook
Language:English
Published: [Place of publication not identified] : [publisher not identified] ; 1986.
Subjects:
Online Access:Link to OAKTrust copy

MARC

Tag First Indicator Second Indicator Subfields
LEADER 00000cam a2200000 a 4500
001 in00000596404
005 20220103134457.0
007 cr unu a
008 871118s1986 xx ab b 00010 eng d
035 |9 ACQ7650AM 
035 |a (OCoLC)16996986 
040 |a TXA  |c TXA  |d UtOrBLW 
043 |a n-us-tx 
049 |a TXAZ [Also in] [Archives]  |c 1 [A09507048], 2 [A09507056] 
099 |a 1986  |a Thesis  |a Y69 
100 1 |a Young, Diane Elizabeth,  |d 1951- 
245 1 4 |a The Paleoindian skeletal material from Horn Shelter, Number 2, in central Texas :  |b an analysis and perspective /  |c by Diane Elizabeth Young. 
264 1 |a [Place of publication not identified] :  |b [publisher not identified] ;  |c 1986. 
300 |a xi, 240 leaves :  |b illustrations, maps ;  |c 29 cm. 
336 |a text  |b txt  |2 rdacontent 
337 |a computer  |b c  |2 rdamedia 
338 |a online resource  |b cr  |2 rdacarrier 
500 |a "Major subject: Anthropology." 
500 |a Typescript (photocopy). 
500 |a Vita. 
502 |b M.A.  |c Texas A&M University  |d 1986. 
504 |a Bibliography: leaves 219-232. 
530 |a Also available online. 
650 0 |a Indians of North America  |z Texas  |x Anthropology. 
650 0 |a Indians of North America  |z Texas  |x Antiquities. 
650 0 |a Paleo-Indians  |z Texas. 
650 4 |a Major anthropology. 
651 0 |a Texas  |x Antiquities. 
856 4 1 |u https://hdl.handle.net/1969.1/ETD-TAMU-1986-THESIS-Y69  |z Link to OAKTrust copy  |t 0 
999 |a MARS 
999 f f |s 321d5d12-2c33-39d5-bc2a-43e1c43eb94e  |i 5a9a6e84-d53d-3ee9-8e77-2fc6b05d2a4b  |t 0 
952 f f |p noncirc  |a Texas A&M University  |b J.J. Pickle Campus  |c High Density Repository  |s HDR  |d Remote Storage  |t 0  |e 1986 Thesis Y69  |h Other scheme  |i computer -- online resource  |m A14839620949 
952 f f |a Texas A&M University  |b College Station  |c Electronic Resources  |s www_evans  |d Available Online  |t 0  |e 1986 Thesis Y69  |h Other scheme 
998 f f |a 1986 Thesis Y69  |t 0  |l Remote Storage 
998 f f |a 1986 Thesis Y69  |t 0  |l Available Online